Μακεδονία : ητοι μελέτη οικονομολογική, γεωγραφική, ιστορική και εθνολογική
Αποθηκεύτηκε σε:
| Κύριος συγγραφέας: | |
|---|---|
| Μορφή: | Βιβλίο |
| Γλώσσα: | Greek |
| Δημοσίευση: |
Θεσσαλονίκη :
Λέσχη του Βιβλίου,
1991
|
| Θέματα: | |
| Ετικέτες: |
Προσθήκη ετικέτας
Δεν υπάρχουν, Καταχωρήστε ετικέτα πρώτοι!
|
MARC
| LEADER | 00000nam a2200000 i 4500 | ||
|---|---|---|---|
| 001 | 1/5640 | ||
| 008 | 960611s1991 gre d | ||
| 035 | |l 10016077 | ||
| 040 | |a GR-MY-UA |b gre |e aacr | ||
| 041 | 0 | |a gre | |
| 082 | 0 | |a 938.94 | |
| 100 | 1 | |a Καλοστύπης, Ιωάννης Ν. | |
| 245 | 1 | 0 | |a Μακεδονία : |b ητοι μελέτη οικονομολογική, γεωγραφική, ιστορική και εθνολογική / |c Ιωάννου Ν. Καλοστύπη |
| 260 | |a Θεσσαλονίκη : |b Λέσχη του Βιβλίου, |c 1991 | ||
| 300 | |a 96 σ. | ||
| 651 | 0 | |a Macedonia |x History. | |
| 651 | 0 | |a Macedonia (Greece) | |
| 852 | |a INST |b LESVOS |e 19960611 |h 938.94 ΚΑΛ |p 005100009937 |q 005100009937 |t BK |y 0 | ||
| 909 | |a Λ |b 044913 | ||